L'ordre des ligues anglaises de foot - Statistiques

Statistiques générales
  • Ce quiz a été pris 112 fois
  • Le résultat moyen est 4 sur 6
Statistiques - réponses
Ordre de la ligue Nom de la ligue % Correct
1. (Professionnels) Premier League
100%
2. (Professionnels) Championship
88%
3. (Professionnels) EFL League ONE
68%
4. (Professionnels) EFL League Two
67%
5. (Semi-Professionnels) National League
14%
6. (Semi-Professionnels) National League (North/South)
14%
Aucun quiz correspondant
Distribution des résultats
% des personnes avec chaque résultat
Percentile par nombre de réponses
Votre historique - résultats
Vous n’avez pas pris ce quiz